JOSÉ -LUIS DIAZ, L’écrivain imaginaire. Scénographies auctoriales à l’époque romantique. Paris, Honoré Champion, 2007. Un vol. de 695 p. (notice n° 1654561)
[ vue normale ]
| 000 -LEADER | |
|---|---|
| fixed length control field | 00616cam a2200145 4500500 |
| 005 - DATE AND TIME OF LATEST TRANSACTION | |
| control field | 20260208005946.0 |
| 041 ## - LANGUAGE CODE | |
| Language code of text/sound track or separate title | fre |
| 042 ## - AUTHENTICATION CODE | |
| Authentication code | dc |
| 100 10 - MAIN ENTRY--PERSONAL NAME | |
| Personal name | Nøjgaard, Morten |
| Relator term | author |
| 245 00 - TITLE STATEMENT | |
| Title | JOSÉ -LUIS DIAZ, L’écrivain imaginaire. Scénographies auctoriales à l’époque romantique. Paris, Honoré Champion, 2007. Un vol. de 695 p. |
| 260 ## - PUBLICATION, DISTRIBUTION, ETC. | |
| Date of publication, distribution, etc. | 2009.<br/> |
| 500 ## - GENERAL NOTE | |
| General note | 1 |
| 786 0# - DATA SOURCE ENTRY | |
| Note | Revue d'histoire littéraire de la France | 109 | 1 | 2009-02-17 | p. 211h-253h | 0035-2411 |
| 856 41 - ELECTRONIC LOCATION AND ACCESS | |
| Uniform Resource Identifier | <a href="https://shs.cairn.info/revue-d-histoire-litteraire-de-la-france-2009-1-page-211h?lang=fr&redirect-ssocas=7080">https://shs.cairn.info/revue-d-histoire-litteraire-de-la-france-2009-1-page-211h?lang=fr&redirect-ssocas=7080</a> |
Pas d'exemplaire disponible.




Réseaux sociaux